000 00572nam a22001577a 4500
005 20120210133041.0
020 _a8120318536
_c295.00
035 _aB-62861
037 _aDPL
_bENG
100 _aAndersen, Virginia
_941522
245 _aTroubleshooting microsoft access database /
_cby Virginia Andersen
260 _aNew Delhi
_bPrentice-Hall of India
_c2001
300 _axiii, 318p.
_c22 cms.
942 _2ddc
_cEN
_h005.43
_mAND
999 _c62506
_d62506